1721 1095 1603 1449 1882 1692 1847 1971 1645 1729 1063 1756 1911 1052 1862 1836 1259 1516 1130 1304 1370 1774 1314 1531 1477 1842 1222 1655 1556 1683 1764 1999 1450 1885 1480 1593 1183 1067 1110 1456 1858 1128 1895 1214 1489 1868 1415 1276 1381 1445 1348 1711 1404 1028 1376 1102 1783 1315 1012 1127 1425 1755 1861 1705 1191 1102 1188 1072 1592 1108 1586 1202 1441 1045 1045 1956 1167 1311 1742 1269 1166 1474 1184 1949 1647 1744 1267 1602 1463 1162 1820 1980 1829 1013 1306 1505 1654 1829 1525 BCNSPRNW ULIB Ver.6.0+V

เปลี่ยนเป็นภาษาไทย

Change to English
 แสดงรายละเอียดบรรณานุกรม
  กลับหน้าหลัก

Brief Record : Get Marc (ISO 2709) : E-mail record : QR code < ปิดหน้าต่าง
LEADER : 00000nam 2200000uu 4500
001    13399120663
003     ULIB
008    121002s2552||||th 000 0 tha d
020    ^a9789748480411
060 04 ^aBQ4570.M4^bพ831พ
110 1  ^aกระทรวงสาธารณสุข^bสำนักแพทย์ทางเลือก
245 00 ^aพุทธธรรมบำบัด /^cสำนักแพทย์ทางเลือก
250    ^aพิมพ์ครั้งที่ 3
260    ^a[นนทบุรี] :^bสำนักแพทย์ทางเลือก,^c2552
300    ^a102 หน้า
650  7 ^aบำบัดโรค
700 0  ^aแพทย์พงษ์ วรพงศ์พิเชษฐ
945    ^p0^l0^i16517
995    ^aวิภา
999 ^a ใช้งานได้ทุกระบบ
รายการนี้ยังไม่มีแท็ก
คุณยังไม่ได้ล็อกอิน คุณสามารถมีกิจกรรมร่วมกับเว็บไซต์ได้ แต่ต้องล็อกอินก่อน ::
  ล็อกอิน

รายการสื่อสารสนเทศ

ลำดับที่ ประเภท เลขเรียก/บาร์โค้ด สถานที่ สถานะ
1. วิทยาศาสตร์การแพทย์ และสุขภาพ
วิทยาศาสตร์การแพทย์ และสุขภาพ
BQ4570.M4 พ831พ  
  Barcode: 16517
ห้องสมุดวิทยาเขตสวรรค์ประชารักษ์
►หนังสือทั่วไป
บนชั้น

รายการใกล้เคียง
    หัวเรื่อง [บำบัดโรค]

BibComment


ยังไม่เคยถูกคอมเมนท์

คอมเมนท์ทรัพยากรรายการนี้
  คอมเมนท์: พุทธธรรมบำบัด ส..


 Copyright 2026. Bcnsprnw @Library